<?xml version="1.0" encoding="utf-8"?>
<?xml-stylesheet type='text/xsl' href='./oai2.xsl'?>
<OAI-PMH xmlns="http://www.openarchives.org/OAI/2.0/" xmlns:xsi="http://www.w3.org/2001/XMLSchema-instance" xsi:schemaLocation="http://www.openarchives.org/OAI/2.0/ http://www.openarchives.org/OAI/2.0/OAI-PMH.xsd">
  <responseDate>2026-06-06T12:33:31Z</responseDate>
  <request verb="GetRecord" metadataPrefix="marcxml" identifier="record_kuniweb_66160">https://kulturerbe.niedersachsen.de/oai</request>
  <GetRecord>
    <record>
      <header>
        <identifier>record_kuniweb_66160</identifier>
        <datestamp>2024-02-22T10:22:04Z</datestamp>
        <setSpec>slg0197</setSpec>
      </header>
      <metadata>
        <marc:record xmlns:marc="http://www.loc.gov/MARC21/slim" xsi:schemaLocation="http://www.loc.gov/MARC21/slim http://www.loc.gov/standards/marcxml/schema/MARC21slim.xsd">
          <marc:leader>12345nrm  22     uu 4500</marc:leader>
          <marc:controlfield tag="001">66160</marc:controlfield>
          <marc:controlfield tag="003">http://kuniweb.gbv.de</marc:controlfield>
          <marc:controlfield tag="005">2020-03-24T11:07:49</marc:controlfield>
          <marc:controlfield tag="008">|           ||||||||||||||||||||||</marc:controlfield>
          <marc:datafield tag="245" ind1="1" ind2="0">
            <marc:subfield code="a">Heiligenfigur, Heilige Katharina</marc:subfield>
          </marc:datafield>
          <marc:datafield tag="655" ind1=" " ind2="7">
            <marc:subfield code="a">Skulptur</marc:subfield>
          </marc:datafield>
          <marc:datafield tag="046" ind1=" " ind2=" ">
            <marc:subfield code="k">1350</marc:subfield>
            <marc:subfield code="k">2. Hälfte 14. Jahrhundert</marc:subfield>
            <marc:subfield code="l">1400</marc:subfield>
          </marc:datafield>
          <marc:datafield tag="260" ind1=" " ind2=" ">
            <marc:subfield code="g">1350</marc:subfield>
            <marc:subfield code="g">1400</marc:subfield>
            <marc:subfield code="g">2. Hälfte 14. Jahrhundert</marc:subfield>
          </marc:datafield>
          <marc:datafield tag="300" ind1=" " ind2=" ">
            <marc:subfield code="a">Höhe: 142 cm</marc:subfield>
          </marc:datafield>
          <marc:datafield tag="520" ind1=" " ind2=" ">
            <marc:subfield code="a">Heilige Katharina aus der Alten Kirche in Oldendorf.
Die Plastik stellt die Heilige Katharina auf dem überwundenen
Kaiser Maxentius dar. Ursprünglich war sie gefasst, wie geringe Farbreste zeigen. Die Unterarme waren angedübelt. Mit ihnen fehlen der Heiligen die typischen Attribute. (Sebastian Möllers)

Gebrauchsort:
Oldendorf (Oldendorf-Himmelpforten, Stade, Niedersachsen)

Beschrieben in:
W. Meyne, „Kruzifixe und andere Werke der Holzplastik des 13. und 14. Jahrhunderts im Bezirk Stade“. Stader Geschichts- und Heimatverein, Stade. (S. 13-34, Hier S. 32f. mit Abb. 14 S. 31)

Beschrieben in:
D. Meyer, „Mittelalter und Neuzeit. Bestandskatalog / Schwedenspeicher-Museum Stade ; 1“. Hansa-Druckerei, Stade, 1992. (S. 67)

Beschrieben in:
„Die Kunstdenkmale des Landkreises Stade. Kunstdenkmälerinventare Niedersachsens ; 47“. Wenner, Osnabrück, 1980. (S. 567 Nr. 11, Tafelabb. 611)</marc:subfield>
          </marc:datafield>
          <marc:datafield tag="773" ind1="0" ind2=" ">
            <marc:subfield code="t">Sammlung des Stader Geschichts- und Heimatvereins</marc:subfield>
          </marc:datafield>
          <marc:datafield tag="852" ind1=" " ind2=" ">
            <marc:subfield code="a">Museum Schwedenspeicher</marc:subfield>
          </marc:datafield>
          <marc:datafield tag="" ind1=" " ind2=" ">
            <marc:subfield code="a">Namensnennung 4.0 International (CC BY 4.0)</marc:subfield>
          </marc:datafield>
        </marc:record>
      </metadata>
    </record>
  </GetRecord>
</OAI-PMH>
